Statistics for NBA Top 10 Frontcourts All-Time

Click here to take the quiz!

General Stats

  • This quiz has been taken 191 times
  • The average score is 20 of 40

Answer Stats

Player% Correct
Kareem Abdul-Jabbar
86%
LeBron James
82%
Larry Bird
77%
Tim Duncan
76%
Chris Bosh
75%
James Worthy
75%
Kevin McHale
75%
David Robinson
74%
Robert Parish
74%
Scottie Pippen
73%
Wilt Chamberlain
72%
Dennis Rodman
70%
Kevin Durant
70%
A.C. Green
69%
Bill Russell
69%
Draymond Green
69%
Julius Erving
69%
Moses Malone
68%
Kevin Garnett
60%
Paul Pierce
57%
Bobby Jones
49%
Kendrick Perkins
46%
Toni Kukoč
46%
Andre Iguodala
44%
John Havlicek
43%
Bruce Bowen
36%
Elvin Hayes
34%
Shane Battier
34%
Wes Unseld
34%
Willis Reed
28%
Pau Gasol
26%
Billy Cunningham
22%
Dave DeBusschere
18%
Chris Andersen
17%
Andrew Bynum
15%
Bill Bradley
14%
Tom Sanders
13%
Bob Dandridge
12%
Lamar Odom
11%
Chet Walker
10%

Score Distribution

Percentile by Number Answered

Percent of People with Each Score

Your Score History

You have not taken this quiz